LEADER 01036nam a2200217 i 4500 001 000000232837 003 CaOOAMICUS 005 20140905000000.0 008 140905s2014 it u000 u ita u 013 $a211740 040 $aSeMil$bita 245 10$a1964-2014 :$bla solenne celebrazione in onre del beato card. Andrea Carlo Ferrari : Alassio, sabato 10 maggio 2014 : nel 50. anno .. 260 $a[S.l. :$bs.n.],$c[2014] 300 $a16 p. :$bill. ;$c30 cm. 500 $aPubblicazione per il ricordo storico della giornata. 650 4$aFerrari, Andrea Carlo - Celebrativi.$0(OLS)http://semarc/subject/37615 850 $aSeMil 852 $aSeMil$W1$xVenegono$y1$m5D XI 13/8$j183183$B183183$CSeMilBibl$Z2$F195313 $81 961 $aOmaggio: Delpini mons. Mario 996 $6245$a1964-2014 :$bla solenne celebrazione in onre del beato card. Andrea Carlo Ferrari : Alassio, sabato 10 maggio 2014 : nel 50. anno ..$9(OLS)http://semarc/title/332203 996 $6260$a[S.l. :$bs.n.]$9(OLS)http://semarc/publisher/29751 LEADER 01380nam a2200301 i 4500 001 000000089175 003 CaOOAMICUS 005 20050324000000.0 008 050324s1996 it u000 u ita u 013 $a61416 020 $a88-343-0467-5 040 $aSeMil$bita 100 0 $aAutori Vari.$0(OLS)http://semarc/name/4368 245 10$aDoctus Horatius :$batti del convegno di studi per Virginio Cremona (Brescia, 9-10 febbraio 1995) /$cAutori vari ; a cura di Pier Vincenzo Cova. 260 $aMilano :$bVita e Pensiero,$c1996. 300 $aVIII, 80 p. ;$c22 cm. 490 0 $aScienze filologiche e storia. Brescia ;$v8 500 $aFondo Card. C.M. Martini. 650 4$aOrazio Flacco, Quinto <65-8 a.C.> - Congressi.$0(OLS)http://semarc/subject/16462 700 1 $aCova, Pier Vincenzo.$0(OLS)http://semarc/name/40346 830 0$aScienze filologiche e storia ;$v8.$0(OLS)http://semarc/title/10429 850 $aSeMil 852 $aSeMil$W1$xVenegono$y1$m1X III 81$j52328$B52328$CSeMilBibl$Z2$F56775 $81 941 1 $a4 961 $aOmaggio: Martini Card. Carlo Maria 996 $6020$a88-343-0467-5$9(OLS)http://semarc/number/69057 996 $6245$aDoctus Horatius :$batti del convegno di studi per Virginio Cremona (Brescia, 9-10 febbraio 1995)$9(OLS)http://semarc/title/135019 996 $6260$aMilano :$bVita e Pensiero$9(OLS)http://semarc/publisher/29642